LEADER 04000nam 2200481Ia 450 001 996395111103316 005 20221108075646.0 035 $a(CKB)4330000000320523 035 $a(EEBO)2248523708 035 $a(UnM)9928647600971 035 $a(EXLCZ)994330000000320523 100 $a19850719d1641 uy | 101 0 $aeng 135 $aurbn||||a|bb| 200 14$aThe antipathie of the English lordly prelacie, both to regall monarchy, and civill unity: or, An historicall collection of the severall execrable treasons, conspiracies, rebellions, seditions, state-schismes, contumacies, oppressions, & anti-monarchicall practices, of our English, Brittish, French, Scottish, & Irish lordly prelates, against our kings, kingdomes, laws, liberties; and of the severall warres, and civill dissentions occasioned by them in, or against our realm, in former and latter ages$b[electronic resource] $eTogether with the judgement of our owne ancient writers, & most judicious authors, touching the pretended divine jurisdiction, the calling, lordlinesse, temporalities, wealth, secular imployments, trayterous practises, unprofitablenesse, and mischievousnesse of lordly prelates, both to King, state, Church; with an answer to the chiefe objections made for the divinity, or continuance of their lordly function. The first part$fBy William Prynne, late (and now againe) an utter-barester of Lincolnes Inne 210 $aLondon $cprinted by authority for Michael Sparke senior$dan. 1641 215 $a[32], 84, [7], 96-168 p., 169-176 leaves, 179-287, 280-306 p., 307-310 leaves, 311-337, [1]; [16], 201-292, 289-304, [18], 305-376, 307-362, [2], 363-531, [3] p 300 $aTitle page lines 10-12 in two states. In this issue line 10 ends: anti-mo-. 300 $aIn 2 parts. Part 2 preliminaries are signed A? b?. Part 2 first page of text is numbered 201 and is signed 2A1. 300 $aPart 1 quires B-N? in two settings. B3r (p. 1) has: (1) two rows of printer's ornaments at head, or (2) a headpiece. Apparently either setting appears with either state of title page. 300 $aThe first leaf of each part is blank. 300 $aThe 7 pages following part 1, p. 84, are numbered 89, 78-79, 92-93, 82-83. The 2 pages following part 2, p. 362, are numbered 391, 362. 300 $aPagination variant: The 8 pages following part 1, p. 168, are numbered: p. 169-170, leaf 171, p. 171, p. 174, leaf 175 in place of leaves 169-172. 300 $aWith an additional errata leaf, including directions for binder on verso, bound at end. 300 $a"Articles of accusation and impeachment by the Commons House of Parliament against William Pierce, Doctor of Divinity, and Bishop of Bath and Wells" ([18] p.) bound between p. 304 and 305 of part 2. 300 $aMarginal notes. 300 $aPart 1 identified as Wing P3891 and part 2 as Wing P4074 (entry cancelled in Wing 2nd ed.) on UMI microfilm "Early English books, 1641-1700" reel 192. 300 $a. Repoduction of original in the Bodleian Library. 330 $aeebo-0014 606 $aBishops$zEngland$vEarly works to 1800 606 $aChurch and state$zEngland$vEarly works to 1800 615 0$aBishops 615 0$aChurch and state 700 $aPrynne$b William$f1600-1669.$0198500 801 0$bCu-RivES 801 1$bCu-RivES 801 2$bCStRLIN 801 2$bCu-RivES 801 2$bWaOLN 906 $aBOOK 912 $a996395111103316 996 $aThe antipathie of the English lordly prelacie, both to regall monarchy, and civill unity: or, An historicall collection of the severall execrable treasons, conspiracies, rebellions, seditions, state-schismes, contumacies, oppressions, & anti-monarchicall practices, of our English, Brittish, French, Scottish, & Irish lordly prelates, against our kings, kingdomes, laws, liberties; and of the severall warres, and civill dissentions occasioned by them in, or against our realm, in former and latter ages$92353657 997 $aUNISA LEADER 01038nam a22002651i 4500 001 991000819509707536 005 20040203134002.0 008 040220s1960 it |||||||||||||||||ita 035 $ab12675180-39ule_inst 035 $aARCHE-067352$9ExL 040 $aDip.to Scienze pedagogiche$bita$cA.t.i. Arché s.c.r.l. Pandora Sicilia s.r.l. 082 04$a234.2 100 1 $aRosmini Serbati, Antonio$0303763 245 10$aSperanza cristiana /$cAntonio Rosmini ; testi scelti a cura di V. M. Forever ; prefazione La spiritualità rosminiana di Giovanni Gaddo 260 $aFossano :$bEsperienze,$c1960 300 $aXXXII, 118 p. ;$c17 cm 440 0$aVia Sapientiae ;$v4 700 1 $aGaddo, Giovanni 700 1 $aForever, V. M. 907 $a.b12675180$b02-04-14$c17-03-04 912 $a991000819509707536 945 $aLE022 MP 74 E 11$g1$i2022000078016$lle022$o-$pE0.00$q-$rl$s- $t0$u0$v0$w0$x0$y.i13184684$z17-03-04 996 $aSperanza cristiana$9273472 997 $aUNISALENTO 998 $ale022$b17-03-04$cm$da $e-$fita$git $h0$i1 LEADER 02635nam 2200565 450 001 9910792278803321 005 20230725022756.0 010 $a1-56699-625-2 035 $a(CKB)2560000000148248 035 $a(EBL)1674106 035 $a(SSID)ssj0001183473 035 $a(PQKBManifestationID)12512307 035 $a(PQKBTitleCode)TC0001183473 035 $a(PQKBWorkID)11204931 035 $a(PQKB)10972294 035 $a(MiAaPQ)EBC1674106 035 $a(Au-PeEL)EBL1674106 035 $a(CaPaEBR)ebr11143323 035 $a(OCoLC)881165408 035 $a(EXLCZ)992560000000148248 100 $a20160127h20112011 uy 0 101 0 $aeng 135 $aur|n|---||||| 181 $ctxt 182 $cc 183 $acr 200 10$aScattering seeds $ecultivating church vitality /$fStephen Chapin Garner with Jerry Thornell 210 1$aHerndon, Virginia :$cAlban Institute,$d2011. 210 4$d©2011 215 $a1 online resource (246 p.) 300 $aDescription based upon print version of record. 311 $a1-56699-422-5 327 $aContents; Foreword; Preface; Part I: Tilling; Preparing a Pastor; Preparing a Congregation; Part II: Scattering Seeds; Soil, Climate, and the Mystery of Growth; A Vital Theology; Part III: Tending Growth; Ministry Teams; The Ministry of the Laity; The Ministry of the Pastor; Worship and Education for All; Part IV: Harvesting; Service to Others; Evaluating Success with an Eye to the Future; Notes 330 $aIn Scattering Seeds: Cultivating Church Vitality, Stephen Chapin Garner and Jerry Thornell share the story of their home congregation, the United Church of Christ in Norwell, MA. This average congregation has approached congregational life in a not-so-average way. Each congregant is seen as a minister, bringing the good news of Christ to the community; the church has moved away from boards and committees, instead utilizing the people to form ministry teams; and they have revitalized the way they approach and practice worship and education. Garner and Thornell don't claim to have the secret to 606 $aLeadership$xReligious aspects$xChristianity 606 $aChristian leadership 606 $aChurch growth 615 0$aLeadership$xReligious aspects$xChristianity. 615 0$aChristian leadership. 615 0$aChurch growth. 676 $a254/.5 700 $aGarner$b Stephen Chapin$f1969-$01575063 702 $aThornell$b Jerry 801 0$bMiAaPQ 801 1$bMiAaPQ 801 2$bMiAaPQ 906 $aBOOK 912 $a9910792278803321 996 $aScattering seeds$93851741 997 $aUNINA